Zahlen in Primfaktoren zerlegen bis 50 - Statistiken

Allgemein
  • Dieses Quiz wurde 400 mal gespielt
  • Das Durchschnittsergebnis liegt bei 24 aus 49
Antwortstatistiken
Hint Antwort % Korrekt
2 2
99%
3 3
99%
5 5
92%
7 7
92%
6 2*3
86%
23 23
86%
11 11
84%
4 2*2
81%
13 13
79%
17 17
77%
9 3*3
74%
19 19
70%
10 2*5
68%
21 3*7
67%
37 37
67%
14 2*7
65%
8 2*2*2
63%
31 31
58%
15 3*5
58%
12 2*2*3
56%
46 2*23
56%
29 29
56%
16 2*2*2*2
54%
20 2*2*5
50%
25 5*5
49%
18 2*3*3
47%
22 2*11
46%
27 3*3*3
42%
32 2*2*2*2*2
41%
24 2*2*2*3
40%
28 2*2*7
36%
26 2*13
35%
41 41
35%
47 47
33%
30 2*3*5
31%
43 43
31%
33 3*11
28%
35 5*7
24%
36 2*2*3*3
23%
34 2*17
22%
38 2*19
19%
49 7*7
18%
40 2*2*2*5
17%
50 2*5*5
15%
39 3*13
15%
44 2*2*11
12%
48 2*2*2*2*3
12%
45 3*3*5
12%
42 2*3*7
11%
Keine übereinstimmenden Quizze gefunden
Verteilung der Resultate
Anzahl Personen mit jedem Resultat
Perzentil nach korrekt beantworteten Fragen
Ihre Resultats-Entwicklung
Sie haben dieses Quiz noch nicht gespielt